000 00401nam a2200181Ia 4500
001 8699
005 20260306160629.0
008 260306t1985||||xx |||||||||||||| ||spa||
041 _aESP
082 _a371.3
_bG21
100 _aGaraycochea V., Walter
_eAUT
245 0 _aMetodología del estudio
260 _c1985
300 _a
_c
650 _aGEN
654 _aCED
942 _cLIB
_dJUS
_fJUS
_2ddc
_n
999 _c8699
_d8699